Normal view
MARC view
- Arun,K Jain
Entry Personal Name
001 - CONTROL NUMBER
- control field: 472
003 - CONTROL NUMBER IDENTIFIER
- control field: OSt
005 - DATE AND TIME OF LATEST TRANSACTION
- control field: 20160616162231.0
008 - FIXED-LENGTH DATA ELEMENTS
- fixed length control field: 160616|| aca||aabn | a|a d
040 ## - CATALOGING SOURCE
- Original cataloging agency: OSt
- Transcribing agency: OSt
100 ## - HEADING--PERSONAL NAME
- Personal name: Arun,K Jain
670 ## - SOURCE DATA FOUND
- Source citation: Work cat.: (OSt): Punmia,B.C 471, Environmental engineering-I Water Supply Engineering, 1995
